[Event "Extra League 1998/99"]
[Site "masterchessopen.com Slovakia"]
[Round "6"]
[White "Velcko Miroslav (SVK)"]
[Black "Mikulas Jaroslav (SVK)"]
[Result "1-0"]
[WhiteElo "2130"]
[BlackElo "2071"]

1.c4 Nf6 2.Nc3 g6 3.g3 Bg7 4.Bg2 O-O 5.Nf3 d6 6.d4 Nc6 7.O-O a6 8.h3 Rb8 9.Be3
b5 10.Ng5 Bd7 11.cxb5 axb5 12.Rc1 Na5 13.b3 b4 14.Nb1 c6 15.f4 h6 16.Nf3 Ne4
17.Kh2 f5 18.Bg1 Kh7 19.Nfd2 d5 20.Nf3 Nb7 21.Ne5 Bxe5 22.dxe5 e6 23.Bxe4 fxe4
24.Bc5 Nxc5 25.Rxc5 Qb6 26.Qd4 Ra8 27.Rxd5 c5 28.Rxd7+ {#r} 1-0

[Event "Ch Asia (juniors)"]
[Site "masterchessopen.com Vung Tau (Vietnam)"]
[Round "7"]
[White "Nguyen Thai Binh (VIE)"]
[Black "Ghaem Maghami Ehsan (IRI)"]
[Result "1-0"]
[WhiteElo "2295"]
[BlackElo "2373"]

1.d4 Nf6 2.Nf3 g6 3.g3 Bg7 4.Bg2 O-O 5.O-O d6 6.c4 Nc6 7.Nc3 a6 8.h3 e5 9.dxe5
dxe5 10.e4 Be6 11.Qe2 Qc8 12.Kh2 Re8 13.Be3 Nd7 14.Rad1 Nd8 15.Ng5 h6 16.Nxe6
Nxe6 17.f4 Nd4 18.Qd2 c5 19.Nd5 Qd8 20.fxe5 Nxe5 21.Bxh6 Nxc4 22.Qc1 Bxh6
23.Qxh6 Re6 24.Rxf7 Kxf7 25.Qh7+ Ke8 26.Nc7+ Qxc7 27.Qxc7 {#r} 1-0

[Event "It (open)"]
[Site "masterchessopen.com Zalakaros (Hungary)"]
[Round "2"]
[White "Ruck Robert (HUN)"]
[Black "Toth Andras (HUN)"]
[Result "1-0"]
[WhiteElo "2485"]
[BlackElo "2297"]

1.d4 Nf6 2.c4 g6 3.Nf3 Bg7 4.g3 O-O 5.Bg2 d6 6.Nc3 Nc6 7.O-O a6 8.Bd2 Rb8
9.Rc1 Bd7 10.a3 e5 11.d5 Ne7 12.e4 c5 13.b4 b6 14.Ne1 h5 15.Nd3 h4 16.gxh4 Bg4
17.f3 Bd7 18.Kh1 Nc8 19.Bg5 Qe8 20.f4 exf4 21.Bxf4 Ng4 22.Qd2 Ne5 23.Bxe5 Bxe5
24.h5 Kg7 25.hxg6 fxg6 26.Rxf8 Qxf8 27.Nxe5 dxe5 28.Rf1 Qe7 29.d6 Qe6 30.Rf3
{#r} 1-0

[Event "Cup Alvar"]
[Site "masterchessopen.com Zaragoza (Spain)"]
[Round "0"]
[White "Portero Garnica Miguel Angel (ESP)"]
[Black "Baron Rodriguez Jorge (ESP)"]
[Result "1-0"]
[WhiteElo "2190"]
[BlackElo "2245"]

1.Nf3 Nf6 2.g3 g6 3.Bg2 Bg7 4.O-O O-O 5.d4 d6 6.c4 Nc6 7.Nc3 a6 8.Bf4 Rb8 9.d5
Na5 10.Qd3 c5 11.dxc6 bxc6 12.c5 Nh5 13.cxd6 Nxf4 14.dxe7 Nxd3 15.exd8=Q Rxd8
16.exd3 Bf5 17.d4 Rxb2 18.Na4 Rc2 19.Nc5 Rxd4 20.Nxd4 Bxd4 21.Nxa6 Bxa1
22.Rxa1 c5 23.h3 h5 24.Rd1 Be6 25.Be4 Rc3 26.Rb1 Bd7 27.h4 Rc4 28.Bd5 Rd4
29.Bf3 c4 30.Nb8 Be6 {#r} 1-0

[Event "It (open)"]
[Site "masterchessopen.com Bad Harzburg (Germany)"]
[Date "1999.11.27"]
[Round "5"]
[White "Hase Michael"]
[Black "Schenk Uwe Dr (GER)"]
[Result "0-1"]
[WhiteElo "1911"]
[BlackElo "2147"]

1.d4 Nf6 2.c4 g6 3.Nc3 Bg7 4.Nf3 O-O 5.g3 d6 6.Bg2 a6 7.O-O Nc6 8.h3 Rb8 9.Re1
Bd7 10.e4 b5 11.b3 bxc4 12.bxc4 Na5 13.Bf1 Qc8 14.Kh2 c5 15.e5 Ne8 16.Bg5 cxd4
17.Nd5 Qc5 18.Nxe7+ Kh8 19.Rb1 Rxb1 20.Qxb1 dxe5 21.Nd5 f6 22.Nxe5 Bf5 {#R}
0-1

[Event "It (open)"]
[Site "masterchessopen.com Abudhabi (United Arab Emirates)"]
[Round "8"]
[White "Hassan Abdullah (UAE)"]
[Black "El Arousy Abdul Hameed (EGY)"]
[Result "0-1"]
[WhiteElo "2257"]
[BlackElo "2363"]

1.d4 Nf6 2.Nf3 g6 3.c4 Bg7 4.g3 O-O 5.Bg2 d6 6.Nc3 Nc6 7.O-O a6 8.Qc2 Bg4 9.d5
Na5 10.Nd2 c5 11.e4 Bd7 12.Rb1 b5 13.b3 Rb8 14.Bb2 e5 15.f4 exf4 16.gxf4 bxc4
17.bxc4 Ng4 18.Nd1 Rxb2 19.Rxb2 Bd4+ 20.Kh1 Nxh2 21.Nf3 Nxf1 22.Nxd4 Ng3+
23.Kg1 cxd4 24.e5 Qc7 {#R} 0-1

[Event "It (open)"]
[Site "masterchessopen.com Bad Wildbad (Germany)"]
[Round "8"]
[White "Medic Mirjana (CRO)"]
[Black "Lanka Zigurds (LAT)"]
[Result "0-1"]
[WhiteElo "2294"]
[BlackElo "2504"]

1.d4 Nf6 2.c4 g6 3.g3 Bg7 4.Bg2 O-O 5.Nc3 d6 6.Nf3 a6 7.O-O Nc6 8.d5 Na5 9.b3
c5 10.dxc6 Nxc6 11.Bb2 Qa5 12.Qd2 Ne4 13.Nxe4 Qxd2 14.Nexd2 Bxb2 15.Rab1 Bg7
16.a3 h6 17.Rfc1 Bf5 18.e4 Be6 19.b4 Rac8 20.Nb3 b6 21.Bf1 g5 22.b5 g4 23.bxc6
gxf3 24.Nd2 Rxc6 25.Nxf3 Rfc8 26.Re1 Bxc4 27.Bxc4 Rxc4 28.Rxb6 a5 29.e5 dxe5
30.Nxe5 Rc1 {#R} 0-1

[Event "Ch Azerbaijan (1 liga)"]
[Site "masterchessopen.com Baku (Azerbaijan)"]
[Round "0"]
[White "Mamedyarov Shakhriyar (AZE)"]
[Black "Abbasov Farid (AZE)"]
[Result "1-0"]
[WhiteElo "2301"]
[BlackElo "2381"]

1.d4 Nf6 2.Nf3 g6 3.g3 Bg7 4.Bg2 O-O 5.O-O d6 6.c4 a6 7.Nc3 Nc6 8.h3 Bd7 9.e4
e5 10.Be3 Qc8 11.Kh2 exd4 12.Nxd4 Ne5 13.b3 Re8 14.Rc1 Rb8 15.Re1 h5 16.Nd5 c5
17.Nxf6+ Bxf6 18.Ne2 Qc7 19.Qd2 h4 20.Rcd1 hxg3+ 21.Nxg3 Bg7 22.f4 Nc6 23.e5
Nd4 24.Bxd4 cxd4 25.Qxd4 Qa5 26.f5 Bxf5 27.Nxf5 gxf5 28.Bd5 dxe5 29.Rg1 Kf8
{#r} 1-0

[Event "Ch Azerbaijan (team) (active)"]
[Site "masterchessopen.com Baku (Azerbaijan)"]
[Round "0"]
[White "Maharramzade Javad (AZE)"]
[Black "Abbasov Farid (AZE)"]
[Result "0-1"]
[WhiteElo "2433"]
[BlackElo "2381"]

1.d4 Nf6 2.Nf3 g6 3.c4 Bg7 4.g3 O-O 5.Bg2 d6 6.Nc3 Nc6 7.O-O a6 8.Nd5 Ne4
9.Ne3 e6 10.d5 Ne7 11.Nd4 Nf6 12.b4 a5 13.bxa5 Rxa5 14.Bd2 Ra6 15.Bc3 e5
16.Nb3 Bd7 17.Qd2 Bh6 18.Qd3 Nh5 19.c5 Qa8 20.Bb4 f5 21.a3 e4 22.Qc4 Nf6
23.Rfd1 Ba4 24.Nd4 {#R} 0-1

[Event "Ch Azerbaijan (team) (active)"]
[Site "masterchessopen.com Baku (Azerbaijan)"]
[Round "0"]
[White "Mamedyarov Shakhriyar (AZE)"]
[Black "Abbasov Farid (AZE)"]
[Result "0-1"]
[WhiteElo "2301"]
[BlackElo "2381"]

1.d4 Nf6 2.Nf3 g6 3.c4 Bg7 4.g3 O-O 5.Bg2 d6 6.O-O a6 7.Nc3 Nc6 8.h3 Bd7 9.e4
e5 10.dxe5 dxe5 11.Be3 h6 12.Qc2 Be6 13.Nd5 Nd7 14.Rad1 Re8 15.b4 b6 16.Qa4
Ne7 17.c5 Qb8 18.c6 Nf8 19.Qc2 Qc8 20.Kh2 f5 21.Bxh6 Bxh6 22.Nf6+ Kg7 23.Nxe8+
Qxe8 24.Nxe5 f4 25.Qc3 fxg3+ 26.Qxg3 {#R} 0-1

[Event "Ch Poland (team) (juniors) (under 20) (2 div)"]
[Site "masterchessopen.com Biala-Podlaska (Poland)"]
[Round "9"]
[White "Paterek Michal (POL)"]
[Black "Brozynski Adam (POL)"]
[Result "1-0"]
[WhiteElo "2147"]
[BlackElo "1898"]

1.Nf3 Nf6 2.d4 d6 3.c4 g6 4.g3 Bg7 5.Bg2 O-O 6.O-O a6 7.Nc3 Nc6 8.Qc2 e5
9.dxe5 dxe5 10.Rd1 Qe8 11.e4 Bg4 12.Be3 Nd7 13.Nd5 Rc8 14.Rd2 f5 15.exf5 gxf5
16.Qb3 f4 17.gxf4 Qg6 18.Kh1 Qh5 19.Qxb7 Bxf3 20.Qxc6 Bxg2+ 21.Kxg2 Qg4+
22.Kf1 Qh3+ 23.Ke2 Rf7 24.Rg1 Qxh2 25.Rh1 Qxh1 {#r} 1-0

[Event "Memorial V.Ciocaltea (cat.10)"]
[Site "masterchessopen.com Bucharest (Romania)"]
[Round "2"]
[White "Marin Mihail (ROM)"]
[Black "Szabo Gergely (HUN)"]
[Result "1-0"]
[WhiteElo "2557"]
[BlackElo "2284"]

1.c4 Nf6 2.Nc3 g6 3.g3 Bg7 4.Bg2 O-O 5.d4 d6 6.Nf3 Nc6 7.O-O a6 8.h3 Rb8 9.e4
b5 10.e5 dxe5 11.dxe5 Qxd1 12.Rxd1 Nd7 13.e6 fxe6 14.cxb5 axb5 15.Bf4 Nde5
16.Nxe5 Nxe5 17.Rac1 Bb7 18.Ne4 Ra8 19.Rxc7 Bxe4 20.Bxe4 Rxa2 21.Rxe7 Nf7
22.b3 e5 23.Be3 Bf6 24.Rb7 Rb2 25.Rdd7 {#r} 1-0

[Event "It"]
[Site "masterchessopen.com Clichy (France)"]
[Round "1"]
[White "Mancini Mario (FRA)"]
[Black "Piot Olivier (FRA)"]
[Result "0-1"]
[WhiteElo "2329"]
[BlackElo "2322"]

1.d4 Nf6 2.c4 g6 3.g3 Bg7 4.Bg2 O-O 5.Nc3 d6 6.Nf3 Nc6 7.O-O a6 8.h3 Bd7 9.e4
e5 10.d5 Nd4 11.Nxd4 exd4 12.Qxd4 Qc8 13.h4 Ng4 14.Qd2 b5 15.cxb5 axb5 16.Nd1
Ra4 17.Ne3 Ne5 18.Qc2 Nc4 19.Nxc4 Rxc4 20.Qb3 Bh3 21.Qxb5 Bxg2 22.Qxc4 Qh3
23.f3 Bxf1 {#R} 0-1

[Event "Ch France (team) 2000"]
[Site "masterchessopen.com France"]
[Round "1"]
[White "Giua Frederic (FRA)"]
[Black "Pietrasanta Jeremy (FRA)"]
[Result "1-0"]
[WhiteElo "2165"]
[BlackElo "2154"]

1.d4 Nf6 2.Nf3 g6 3.g3 Bg7 4.Bg2 O-O 5.O-O d6 6.c4 Nc6 7.Nc3 a6 8.b3 e5 9.Bg5
h6 10.Bxf6 Bxf6 11.dxe5 Nxe5 12.Nxe5 Bxe5 13.Rc1 Re8 14.Qd2 h5 15.e4 h4 16.f4
Bg7 17.Bf3 hxg3 18.hxg3 Bh3 19.Rfd1 g5 20.Qh2 g4 21.Bg2 Re6 22.Bxh3 Rh6 23.Qe2
gxh3 24.Kh2 Qe8 25.Nd5 Rc8 26.Qg4 Kh7 27.Re1 c6 28.Ne7 Qxe7 29.Qxc8 Qf6
30.Qf5+ {#r} 1-0

[Event "It (open) \"]
[Site "masterchessopen.com Gausdal (Norway)"]
[Round "4"]
[White "Johansson Per (SWE)"]
[Black "Krakops Maris (LAT)"]
[Result "0-1"]
[WhiteElo "2073"]
[BlackElo "2522"]

1.d4 Nf6 2.Nf3 g6 3.c4 Bg7 4.g3 O-O 5.Bg2 d6 6.O-O Nc6 7.Nc3 a6 8.h3 Bd7 9.Qc2
Qc8 10.Kh2 Re8 11.Rd1 Rb8 12.d5 Na5 13.Nd2 b5 14.cxb5 axb5 15.b4 Nc4 16.Nxc4
bxc4 17.Rb1 e6 18.dxe6 Bxe6 19.e4 Bd7 20.Be3 Re5 21.Nd5 Nxd5 22.Rxd5 Rxd5
23.exd5 Qa6 24.Bf1 Bf5 25.Qc1 Qxa2 {#R} 0-1

[Event "Bundesliga 2000/01 (w)"]
[Site "masterchessopen.com Germany"]
[Round "4"]
[White "Uhlendorf Kristina (GER)"]
[Black "Helm Leonie (GER)"]
[Result "0-1"]
[WhiteElo "2124"]
[BlackElo "2121"]

1.Nf3 Nf6 2.g3 g6 3.c4 Bg7 4.d4 O-O 5.Nc3 d6 6.Bg2 Nc6 7.O-O a6 8.Rb1 Bf5
9.Ra1 Rb8 10.d5 Na5 11.Nd2 c5 12.e4 Bd7 13.a3 Ng4 14.h3 Ne5 15.Qe2 b5 16.cxb5
axb5 17.f4 b4 18.axb4 cxb4 19.fxe5 bxc3 20.bxc3 Bxe5 21.Qf3 Qc7 22.Nb1 Nb3
23.Ra3 Nxc1 24.Rxc1 Rxb1 {#R} 0-1

[Event "Landesliga 1999/00"]
[Site "masterchessopen.com Germany"]
[Round "4"]
[White "Birnbaum Wolf-Dieter (GER)"]
[Black "Grahl Arvid (GER)"]
[Result "0-1"]
[WhiteElo "2029"]
[BlackElo "2212"]

1.Nf3 Nf6 2.g3 g6 3.Bg2 Bg7 4.O-O O-O 5.d4 d6 6.c4 Nc6 7.Nc3 a6 8.e4 Bd7 9.h3
e5 10.Be3 exd4 11.Nxd4 Re8 12.Rc1 Rb8 13.a4 Nxd4 14.Bxd4 c5 15.Be3 Bc6 16.Qc2
b5 17.axb5 axb5 18.Rfd1 b4 19.e5 Bxg2 20.exf6 bxc3 21.Kxg2 cxb2 22.Rb1 Qxf6
23.Qd2 Ra8 24.Bg5 Qf5 25.Qf4 Qxf4 26.Bxf4 Ra1 27.Bxd6 Rd8 {#R} 0-1

[Event "Ch India (w)"]
[Site "masterchessopen.com India"]
[Round "13"]
[White "Safira Shahnaz (IND)"]
[Black "Aarthie Ramaswamy (IND)"]
[Result "0-1"]
[WhiteElo "2157"]
[BlackElo "2319"]

1.d4 Nf6 2.Nf3 g6 3.g3 Bg7 4.Bg2 O-O 5.O-O d6 6.c4 Nc6 7.Nc3 a6 8.b3 Rb8 9.a4
a5 10.Bb2 Nd7 11.e4 e5 12.dxe5 Ndxe5 13.Ne1 f5 14.exf5 Bxf5 15.h3 Nb4 16.g4
Bd3 17.Nxd3 Nexd3 18.Qd2 Nxb2 19.Qxb2 Qf6 20.Rac1 Nd3 21.Qd2 Nxc1 22.Rxc1 Qd4
23.Qe1 Rbe8 24.Qf1 Qd2 25.Bd5+ Kh8 26.Ne4 Qf4 27.Ng3 Bd4 28.Kh1 Bxf2 29.Ne2
Rxe2 30.Qxe2 Qxc1+ {#R} 0-1

[Event "It (open)"]
[Site "masterchessopen.com Ljubljana (Slovenia)"]
[Round "1"]
[White "Sebenik Matej (SLO)"]
[Black "Lenic Luka (SLO)"]
[Result "1-0"]
[WhiteElo "2287"]
[BlackElo "2106"]

1.d4 g6 2.Nf3 Bg7 3.c4 Nf6 4.g3 O-O 5.Bg2 d6 6.O-O Nc6 7.Nc3 a6 8.h3 Rb8 9.Be3
Re8 10.Rc1 e5 11.dxe5 Nxe5 12.Nxe5 dxe5 13.Qxd8 Rxd8 14.Bg5 Re8 15.Nd5 Nxd5
16.cxd5 f6 17.Bd2 Re7 18.Rc2 c6 19.dxc6 bxc6 20.Rxc6 Bd7 21.Rc7 Rxb2 22.Bd5+
Kf8 23.Bc1 Rb5 24.Bc4 Re8 25.Ba3+ {#r} 1-0

[Event "It (open)"]
[Site "masterchessopen.com Montecatini Terme (Italy)"]
[Round "1"]
[White "Bemporad Filippo (ITA)"]
[Black "Belotti Bruno (ITA)"]
[Result "0-1"]
[WhiteElo "2140"]
[BlackElo "2417"]

1.d4 Nf6 2.Nf3 g6 3.c4 Bg7 4.Nc3 O-O 5.g3 d6 6.Bg2 Nc6 7.O-O a6 8.e4 Rb8 9.a4
Bg4 10.h3 Bxf3 11.Bxf3 Nd7 12.Be3 e5 13.d5 Nd4 14.Bg2 c5 15.dxc6 bxc6 16.Rb1
Qa5 17.Bd2 Qb4 18.Nd5 Qxc4 19.Ne3 Qb3 20.Re1 Nc5 21.h4 Nxa4 22.Ba5 Nxb2 23.Qd2
Nc4 24.Nxc4 Qxc4 25.Rbc1 Qe6 {#R} 0-1

[Event "It (open)"]
[Site "masterchessopen.com Nova Gorica (Slovenia)"]
[Round "1"]
[White "Mihalcisin Adrian (SLO)"]
[Black "Balabaev Farit (KAZ)"]
[Result "1-0"]
[WhiteElo "2544"]
[BlackElo "2179"]

1.Nf3 Nf6 2.c4 g6 3.d4 Bg7 4.g3 O-O 5.Bg2 d6 6.O-O Nc6 7.Nc3 a6 8.b3 Na5 9.Bb2
Rb8 10.e4 e5 11.dxe5 dxe5 12.Nxe5 Qe7 13.f4 c6 14.Qe2 Re8 15.Rad1 b5 16.cxb5
axb5 17.Kh1 h5 18.Qf2 Be6 19.h3 Rec8 20.Rfe1 b4 21.Na4 c5 22.f5 Bd7 23.fxg6
Bxa4 {#r} 1-0

[Event "NRW-liga 1999/00"]
[Site "masterchessopen.com NRW (Germany)"]
[Round "4"]
[White "Prange Stefan (GER)"]
[Black "Sukharisingh Ralf (GER)"]
[Result "0-1"]
[WhiteElo "2173"]
[BlackElo "2319"]

1.d4 Nf6 2.Nf3 g6 3.g3 Bg7 4.Bg2 O-O 5.O-O d6 6.c4 Nc6 7.Nc3 a6 8.h3 Rb8 9.Bg5
h6 10.Bxf6 Bxf6 11.Rc1 Bd7 12.d5 Ne5 13.Nd2 g5 14.Qc2 Ng6 15.e3 c5 16.Kh2 b5
17.f4 bxc4 18.Nxc4 Bb5 19.Ne4 Bxc4 20.Nxf6+ exf6 21.Qxc4 Rxb2 22.Qxa6 Re8
23.fxg5 fxg5 24.Rc3 Re5 25.Kh1 Qe7 26.e4 Rxe4 27.Rxc5 Ree2 28.Rc8+ Kg7 29.Rg1
Qe4 {#R} 0-1

[Event "It (cat.10)"]
[Site "masterchessopen.com Pavlograd (Ukraine)"]
[Round "0"]
[White "Borovikov Vladislav (UKR)"]
[Black "Zubov Alexander (UKR)"]
[Result "1-0"]
[WhiteElo "2529"]
[BlackElo "2439"]

1.d4 Nf6 2.Nf3 g6 3.c4 Bg7 4.g3 O-O 5.Bg2 d6 6.O-O Nc6 7.Nc3 a6 8.Qd3 Nd7
9.Be3 e5 10.Qd2 exd4 11.Nxd4 Nce5 12.b3 Nc5 13.h3 c6 14.Bh6 Bxh6 15.Qxh6 f5
16.Qd2 a5 17.Kh2 Qf6 18.f4 Nf7 19.Rae1 Bd7 20.e4 Rfe8 21.exf5 Bxf5 22.Nxf5
Qxf5 23.Nd1 Qd3 24.Qb2 Qf5 25.Ne3 Qd3 26.Ng4 Nd7 27.Nf2 Qf5 28.Ne4 h5 29.h4
{#r} 1-0

[Event "Ch World (seniors)"]
[Site "masterchessopen.com Rowy (Poland)"]
[Round "11"]
[White "Wilke Dieter Dr (GER)"]
[Black "Zhukov Vladimir (RUS)"]
[Result "0-1"]
[WhiteElo "2124"]
[BlackElo "2302"]

1.d4 Nf6 2.Nf3 g6 3.g3 Bg7 4.Bg2 O-O 5.O-O d6 6.c4 a6 7.Nc3 Nc6 8.e4 Rb8 9.d5
Na5 10.Qd3 c5 11.dxc6 Nxc6 12.h3 Bd7 13.Bf4 Qc8 14.Kh2 Nh5 15.Be3 Be6 16.b3 b5
17.g4 bxc4 18.bxc4 Ne5 19.Nxe5 Bxe5+ 20.f4 Bxc4 21.Qc2 {#R} 0-1

[Event "Memorial A.Petrov (open)"]
[Site "masterchessopen.com St. Petersburg (Russia)"]
[Round "1"]
[White "Loginov Valery A (RUS)"]
[Black "Nikolaev Nikita (RUS)"]
[Result "1-0"]
[WhiteElo "2514"]
[BlackElo "2312"]

1.Nf3 Nf6 2.g3 g6 3.c4 Bg7 4.d4 O-O 5.Bg2 d6 6.O-O Nc6 7.Nc3 a6 8.Bg5 Rb8
9.Rc1 Bf5 10.d5 Na5 11.b3 c5 12.dxc6 Nxc6 13.Nd5 Nd7 14.Qd2 Nc5 15.Bh6 a5
16.Bxg7 Kxg7 17.Nd4 Nxd4 18.Qxd4+ f6 19.Qe3 Be6 20.a3 Bxd5 21.cxd5 b5 22.b4
axb4 23.axb4 Nd7 24.Ra1 Ne5 25.Ra7 Re8 26.Rfa1 Nc4 27.Qe6 Kf8 28.Rd7 Qc8
29.Raa7 {#r} 1-0

[Event "Memorial A.Petrov (open)"]
[Site "masterchessopen.com St. Petersburg (Russia)"]
[Round "3"]
[White "Vaulin Alexander (RUS)"]
[Black "Nikolaev Nikita (RUS)"]
[Result "1-0"]
[WhiteElo "2552"]
[BlackElo "2312"]

1.d4 Nf6 2.Nf3 g6 3.g3 Bg7 4.Bg2 O-O 5.c4 d6 6.O-O Nc6 7.Nc3 a6 8.e3 e5 9.d5
Ne7 10.e4 Ne8 11.b4 f5 12.Ng5 h6 13.Ne6 Bxe6 14.dxe6 Qc8 15.Nd5 Qxe6 16.exf5
gxf5 17.Nxe7+ Qxe7 18.Bxb7 Rb8 19.Rb1 Kh8 20.Bxa6 f4 21.Bb5 Qe6 22.Rb3 Nf6
23.Qe2 Qh3 24.gxf4 Qh4 25.fxe5 dxe5 26.Rg3 Nh5 27.Qg4 {#r} 1-0

[Event "Memorial P.Keres (open)"]
[Site "masterchessopen.com Tallinn (Estonia)"]
[Round "1"]
[White "Bogdanov Ruslan (EST)"]
[Black "Kulaots Kaido (EST)"]
[Result "0-1"]
[WhiteElo "2087"]
[BlackElo "2491"]

1.Nf3 Nf6 2.g3 g6 3.Bg2 Bg7 4.d4 O-O 5.O-O d6 6.c4 Nc6 7.Nc3 a6 8.h3 Rb8 9.d5
Na5 10.Qd3 c5 11.dxc6 bxc6 12.c5 d5 13.e4 dxe4 14.Qxd8 Rxd8 15.Ng5 Nc4 16.Rb1
Nd5 17.Rd1 Bxc3 {#R} 0-1

[Event "Ch Tula Region (open)"]
[Site "masterchessopen.com Tula (Russia)"]
[Round "3"]
[White "Zhidkov Valery S (UKR)"]
[Black "Zakhartsov Viacheslav V (RUS)"]
[Result "0-1"]
[WhiteElo "2369"]
[BlackElo "2486"]

1.d4 Nf6 2.Nf3 g6 3.g3 Bg7 4.c4 O-O 5.Bg2 d6 6.O-O a6 7.Nc3 Nc6 8.h3 Bd7 9.e4
e5 10.Be3 exd4 11.Nxd4 Re8 12.Re1 Qc8 13.Kh2 Ne5 14.b3 c5 15.Nde2 b5 16.Qxd6
b4 17.Nd5 Nxd5 18.Qxd5 Bc6 19.Qxc5 Nd3 20.Qa5 Re5 21.Qb6 Rb8 22.Qa7 Nxe1
23.Rxe1 Ra5 24.Bf4 Rb7 25.Qe3 Qd8 26.e5 Bxg2 27.Kxg2 Re7 28.Nd4 Raxe5 29.Nc6
Rxe3 30.Rxe3 Qa8 {#R} 0-1

[Event "Staatsliga B South 2001/02"]
[Site "masterchessopen.com Austria"]
[Round "5"]
[White "Jahrer Michael (AUT)"]
[Black "Sandner Wolfgang (AUT)"]
[Result "1-0"]
[WhiteElo "2165"]
[BlackElo "2211"]

1.d4 Nf6 2.c4 g6 3.Nf3 Bg7 4.Nc3 d6 5.g3 O-O 6.Bg2 Nc6 7.O-O a6 8.b3 e5 9.Bb2
e4 10.Nd2 e3 11.fxe3 Ng4 12.Rf3 Qg5 13.Nf1 Bd7 14.Nd5 Rac8 15.e4 Rfe8 16.Rf4
Qd8 17.h3 Nf6 18.e3 Nh5 19.Rf2 Ne7 20.g4 Nxd5 21.cxd5 Nf6 22.e5 {#r} 1-0

[Event "Ch Azerbaijan"]
[Site "masterchessopen.com Baku (Azerbaijan)"]
[Round "0"]
[White "Mamedyarov Shakhriyar (AZE)"]
[Black "Babaev Rashad (AZE)"]
[Result "1-0"]
[WhiteElo "2503"]
[BlackElo "2361"]

1.d4 Nf6 2.c4 g6 3.g3 Bg7 4.Bg2 O-O 5.Nf3 d6 6.O-O Nc6 7.Nc3 a6 8.e4 Bg4 9.Be3
Nd7 10.Qd2 Bxf3 11.Bxf3 e5 12.d5 Nd4 13.Bg2 c5 14.dxc6 bxc6 15.f4 Rb8 16.Rac1
a5 17.f5 Qb6 18.Rf2 Bf6 19.Rcf1 Qd8 20.Bh6 Re8 21.fxg6 fxg6 22.Bh3 Bh8 23.Bg5
Qc7 24.Rf7 Qb6 25.Kh1 Nc5 26.Bh6 a4 27.Nxa4 Nxa4 28.Qxd4 exd4 29.Rf8+ {#r} 1-0

[Event "It (w)"]
[Site "masterchessopen.com Benasque (Spain)"]
[Round "0"]
[White "Foisor Cristina Adela (ROM)"]
[Black "Safranska Anda (LAT)"]
[Result "1-0"]
[WhiteElo "2444"]
[BlackElo "2332"]

1.Nf3 Nf6 2.g3 g6 3.Bg2 Bg7 4.O-O O-O 5.d4 d6 6.c4 Nc6 7.Nc3 a6 8.e3 Rb8 9.Qe2
Bd7 10.Rd1 Qc8 11.d5 Na7 12.e4 e5 13.a4 c5 14.dxc6 Nxc6 15.Rxd6 Bg4 16.Be3 Re8
17.Qf1 Nd7 18.Nd5 h6 19.Bh3 Nf8 20.Bg2 Nh7 21.Nb6 Qc7 22.c5 Rbd8 23.Nd5 Qc8
24.Rc1 Bf8 25.Rxd8 Qxd8 26.b4 Nf6 27.Nd2 Nxd5 28.exd5 Nxb4 29.Qc4 a5 30.Qxg4
{#r} 1-0

[Event "Ch Asia (w)"]
[Site "masterchessopen.com Chennai (India)"]
[Round "11"]
[White "Meenakshi S (IND)"]
[Black "Kasturi M (IND)"]
[Result "1-0"]
[WhiteElo "2271"]
[BlackElo "2198"]

1.d4 d6 2.c4 Nf6 3.Nf3 g6 4.g3 Bg7 5.Bg2 O-O 6.O-O Nc6 7.Nc3 a6 8.d5 Na5 9.Nd2
Nd7 10.Qc2 b6 11.b4 Nb7 12.Bb2 Ne5 13.h3 f5 14.f4 Nd7 15.Rae1 Rb8 16.e4 Nf6
17.e5 Ne8 18.Ne2 dxe5 19.fxe5 e6 20.Nd4 Qg5 21.N2f3 Qh5 22.dxe6 {#r} 1-0

[Event "Bundesliga (2nd) North 2000/01"]
[Site "masterchessopen.com Germany"]
[Round "8"]
[White "Jasnikowski Zbigniew (POL)"]
[Black "Quast Michael (GER)"]
[Result "1-0"]
[WhiteElo "2458"]
[BlackElo "2282"]

1.d4 d6 2.Nf3 Nf6 3.c4 g6 4.Nc3 Bg7 5.g3 O-O 6.Bg2 a6 7.O-O Nc6 8.e4 Rb8 9.Rb1
b5 10.cxb5 axb5 11.b4 Bd7 12.h3 e5 13.dxe5 Nxe5 14.Nxe5 dxe5 15.Qc2 Qc8 16.Kh2
Qa6 17.Rd1 Be6 18.Be3 Rfc8 19.Bf1 Qa3 20.Nxb5 Qxa2 21.Rb2 Qa8 22.Na7 Rd8
23.Rxd8+ Rxd8 24.Nc6 Re8 25.b5 Nd7 26.Bc4 Nb6 27.Bxe6 Rxe6 28.Ra2 Qe8 29.Ra7
{#r} 1-0

[Event "Ch Poland (team)"]
[Site "masterchessopen.com Glogow (Poland)"]
[Round "8"]
[White "Miton Kamil (POL)"]
[Black "Sciborowski Miroslaw (POL)"]
[Result "1-0"]
[WhiteElo "2518"]
[BlackElo "2216"]

1.d4 Nf6 2.Nf3 g6 3.g3 Bg7 4.Bg2 O-O 5.O-O d6 6.c4 Nc6 7.Nc3 a6 8.b3 Rb8 9.Nd5
b5 10.Nxf6+ Bxf6 11.Bh6 Re8 12.Rc1 bxc4 13.Rxc4 Na7 14.Qd2 c6 15.e4 d5 16.exd5
cxd5 17.Rc5 Qb6 18.Bf4 Rb7 19.Rfc1 e6 20.Bc7 Qb4 21.Qf4 Kg7 22.Be5 Bxe5
23.Nxe5 f6 24.Ng4 Rf8 25.Rc7+ Kh8 26.Qh6 {#r} 1-0

[Event "It (open)"]
[Site "masterchessopen.com Konigshoffen (Germany)"]
[Round "5"]
[White "Labadie Jean-Jacques (FRA)"]
[Black "Brunelliere Pierre (FRA)"]
[Result "0-1"]
[WhiteElo "2063"]
[BlackElo "2291"]

1.d4 Nf6 2.Nf3 g6 3.g3 Bg7 4.Bg2 O-O 5.O-O d6 6.c4 Nc6 7.Nc3 a6 8.h3 Rb8 9.e4
e5 10.d5 Na5 11.Qe2 c5 12.Rb1 Bd7 13.b4 cxb4 14.Rxb4 Qc8 15.Be3 b5 16.Nd2 Bxh3
17.Bxh3 Qxh3 18.cxb5 Ng4 19.Nf3 axb5 20.Rxb5 Rfc8 21.Rc1 Nxe3 22.Qxe3 Bh6
23.Ng5 Qg4 24.Rxa5 Bxg5 {#R} 0-1

[Event "Ch Poland (team) (juniors) (under 20) (2 div)"]
[Site "masterchessopen.com Krynica (Poland)"]
[Round "9"]
[White "Gosciniak Tomasz (POL)"]
[Black "Sypien Mateusz (POL)"]
[Result "0-1"]
[WhiteElo "1942"]
[BlackElo "2127"]

1.d4 Nf6 2.Nf3 g6 3.g3 Bg7 4.Bg2 O-O 5.O-O d6 6.c4 Nc6 7.Nc3 a6 8.b3 Rb8 9.Qc2
Bd7 10.Bb2 e5 11.dxe5 dxe5 12.e4 Qc8 13.Nd5 Re8 14.Rfe1 Nh5 15.Rad1 f5 16.exf5
Bxf5 17.Qc1 Bg4 18.h3 Bxh3 19.Bxh3 Qxh3 20.Qg5 h6 {#R} 0-1

[Event "It (open)"]
[Site "masterchessopen.com Oberwart (Austria)"]
[Round "1"]
[White "Horvath Peter_ (HUN)"]
[Black "Nickl Klaus (AUT)"]
[Result "1-0"]
[WhiteElo "2450"]
[BlackElo "2200"]

1.d4 Nf6 2.Nf3 g6 3.c4 Bg7 4.g3 O-O 5.Bg2 d6 6.Nc3 Nc6 7.O-O a6 8.h3 Rb8 9.Be3
b5 10.Nd2 Bd7 11.Rc1 Na5 12.cxb5 axb5 13.b4 Nc4 14.Nxc4 bxc4 15.Rb1 Qc8 16.Kh2
c6 17.a4 d5 18.Bf4 Ra8 19.b5 cxb5 20.axb5 e6 21.e4 dxe4 22.Nxe4 Nd5 23.b6 Rb8
24.Bxb8 Qxb8 25.Nc5 Bc6 26.Bxd5 exd5 27.b7 Qa7 28.Qd2 {#r} 1-0